Trouve le bon rappeur #1 - Statistiques

Statistiques générales
  • Ce quiz a été pris 452 fois
  • Le résultat moyen est 9 sur 20
Statistiques - réponses
Indice Rappeur % Correct
Son album "Or Noir" est un réel game-changer pour le paysage du rap Français Kaaris
91%
Elle est jury dans l'émission Netflix "Nouvelle école" Shay
91%
Plus gros vendeur d'album de l'histoire du rap français Jul
73%
Il est né à La Trinité près de Nice le 3 avril 1990 Nekfeu
68%
"C'est qui IAM?" Koba la D
67%
Plus jeune membre d'un groupe composé de deux frères NOS
62%
Issa Lorenzo Diakhaté Freeze Corleone
60%
Ce rappeur britannique a invité des rappeurs de toute l'Europe sur son titre drill "Eurovision" Central Cee
57%
Il s'est fait incruster un diamant sur le front, puis l'a retiré et revendu en 2021 Lil Uzi Vert
52%
Il a été tué par balles dans la nuit du 18 au 19 février 2020 Pop Smoke
51%
Papa du bébé de Rihanna ASAP Rocky
38%
Il a été arrêté en Géorgie le lundi 9 mai 2022 pour implication dans des affaires de gang avec son label YSL, et est incarcéré depuis. Young Thug
32%
Ce rappeur belge a signé sur le label 92i en 2019 Green Montana
22%
Il est né à Alençon Orelsan
21%
Surnommé le "BG du 667" Zuukou Mayzie
20%
Seul membre du S-crew qui n'est pas originaire du 15ème arrondissement (ou n'y a pas vécu) 2zer
16%
Il a samplé la chanson "Mistral Gagnant" sur son titre "Mistral" comme Booba l'avait fait des années avant lui sur "Pitbull" Bushi
13%
Demi-frère de Pit Baccardi, rappeur du collectif Time Bomb Dosseh
13%
Comme Jean-Luc Mélenchon, il parle de 6ème République Jok'air
11%
Ce jeune rappeur (qui aime attaquer) est né et a grandi au Congo jusqu'à ses 11 ans. Il a ensuite vécu en France, notamment dans le quartier de Pigalle à Paris, et à Villeneuve Saint-Georges Captaine Roshi
4%
Aucun quiz correspondant
Distribution des résultats
% des personnes avec chaque résultat
Percentile par nombre de réponses
Votre historique - résultats
Vous n’avez pas pris ce quiz